[Event "NATO-ch 31st"]
[Site "Blankenberge"]
[Date "2021.10.15"]
[Round "7.25"]
[White "Tustanowski, Mateusz"]
[Black "Sherpa, Ngadi"]
[Result "1-0"]
[WhiteElo "2006"]
[BlackElo "1843"]
[PlyCount "72"]
[EventDate "2021.10.11"]
[EventType "team-swiss"]
[EventRounds "7"]
[EventCountry "BEL"]
[SourceTitle "CBM 204 Extra"]
[Source "ChessBase"]
[SourceDate "2021.11.30"]
[SourceVersion "1"]
[SourceVersionDate "2021.11.30"]
[SourceQuality "1"]
[WhiteTeam "Poland"]
[BlackTeam "Great Britain"]
[WhiteTeamCountry "POL"]
[BlackTeamCountry "GBR"]

1. d4 d5 2. Bf4 Nf6 3. e3 Bf5 4. c4 c6 5. Qb3 Qb6 6. c5 Qxb3 7. axb3 Bxb1 8. Rxb1 Nbd7 9. Ra1 Nh5 10. Bc7 Rc8 11. Rxa7 g6 12. Nf3 Nxc5 13. Be5 f6 14. g4 fxe5 15. dxc5 Nf6 16. Rxb7 Bg7 17. Nxe5 Ne4 18. Nd3 d4 19. Bg2 Ng5 20. f4 Ne6 21. e4 Nc7 22. e5 Ne6 23. Rf1 Rf8 24. Ra7 Bh6 25. f5 Nd8 26. e6 Bg7 27. Nb4 gxf5 28. Nxc6 Rxc6 29. Bxc6+ Nxc6 30. Ra8+ Nd8 31. Rxf5 Rxf5 32. gxf5 Be5 33. h3 Bc7 34. b4 Kf8 35. Rc8 Kg7 36. Rxc7 Kf6 1-0

[Event "NATO-ch 31st"]
[Site "Blankenberge"]
[Date "2021.10.14"]
[Round "6.39"]
[White "Sherpa, Ngadi"]
[Black "Charles, Freddy"]
[Result "1-0"]
[WhiteElo "1843"]
[BlackElo "1740"]
[PlyCount "58"]
[EventDate "2021.10.11"]
[EventType "team-swiss"]
[EventRounds "7"]
[EventCountry "BEL"]
[SourceTitle "CBM 204 Extra"]
[Source "ChessBase"]
[SourceDate "2021.11.30"]
[SourceVersion "1"]
[SourceVersionDate "2021.11.30"]
[SourceQuality "1"]
[WhiteTeam "Great Britain"]
[BlackTeam "NATO LTM"]
[WhiteTeamCountry "GBR"]

1. e4 d5 2. exd5 Qxd5 3. Nc3 Qd8 4. d4 Nf6 5. h3 Bf5 6. Nf3 e6 7. a3 c6 8. Bd3 Bxd3 9. Qxd3 Nbd7 10. Bg5 Be7 11. 0-0 0-0 12. Rad1 h6 13. Be3 Nd5 14. Ne4 N7f6 15. c4 Nxe4 16. Qxe4 Nf6 17. Qc2 Qc7 18. Rd2 Bd6 19. Rd3 Rfc8 20. Qc1 Bf8 21. Rfd1 b5 22. Ne5 bxc4 23. Qxc4 Nd5 24. Rc1 Qb7 25. Rb3 Qc7 26. Qa6 Rcb8 27. Rxc6 Qd8 28. Rb7 Rxb7 29. Qxb7 a5 1-0

[Event "NATO-ch 27th"]
[Site "Shrivenham"]
[Date "2016.08.25"]
[Round "6"]
[White "Ghiacy, Jelani"]
[Black "Sherpa, Ngadi"]
[Result "0-1"]
[WhiteElo "1238"]
[BlackElo "1780"]
[PlyCount "110"]
[EventDate "2016.08.22"]
[EventType "swiss"]
[EventRounds "7"]
[EventCountry "ENG"]
[SourceTitle "EXT 2018"]
[Source "ChessBase"]
[SourceDate "2017.10.13"]
[SourceVersion "1"]
[SourceVersionDate "2017.10.13"]
[SourceQuality "1"]

1. e4 e5 2. Bc4 Nf6 3. Nc3 Nc6 4. a3 Be7 5. Nf3 d6 6. d3 Bg4 7. h3 Bh5 8. Nd5 Nd4 9. Nxf6+ Bxf6 10. g4 Nxf3+ 11. Qxf3 Bg6 12. Be3 c6 13. g5 Bxg5 14. 0-0-0 Qf6 15. Qxf6 Bxf6 16. Rdf1 a6 17. f4 exf4 18. Bxf4 0-0-0 19. h4 h6 20. h5 Bh7 21. Bxf7 Rhf8 22. Bg6 Bg8 23. c3 c5 24. Kc2 Kc7 25. b4 b6 26. Rd1 a5 27. b5 Be6 28. Rhg1 a4 29. Be3 Bb3+ 30. Kb2 Bxd1 31. Rxd1 d5 32. Bf5 dxe4 33. Bxe4 Kb8 34. Bf4+ Ka7 35. Bc7 Rd7 36. Bg3 Bg5 37. Kc2 Rdf7 38. Be5 Rf2+ 39. Kb1 Rf1 40. Rxf1 Rxf1+ 41. Ka2 Rf2+ 42. Kb1 Bf6 43. d4 cxd4 44. cxd4 Bxe5 45. dxe5 Re2 46. Bg6 Rxe5 47. Kc2 Rxb5 48. Kc3 Rb3+ 49. Kc2 Rxa3 50. Kb2 Re3 51. Bf7 b5 52. Ka2 b4 53. Kb2 Re2+ 54. Kc1 b3 55. Kd1 Rf2 0-1